000 00680nam a2200193Ii 4500
003 JO-AjNU
008 230605s9999||||xx |||||||||||||| ||und||
040 _aJO-AjNU
_bara
_erda
_cJO-AjNU
041 _aara
050 1 4 _aTK108.N5588 1989
100 3 _aتاليف النعمه، مظفر انور/ م. مشارك سنان رياشي,
_eauthor
_936249
245 0 0 _a التأسيسات الكهربائية : مبادئ وتطبيقات
264 3 1 _aبيروت:دار الجيل، 1989
300 _a198ص
336 _atext
_btxt
_2rdacontent
337 _aunmediated
_bn
_2rdamedia
338 _avolume
_bnc
_2rdacarrier
650 4 _aالتاسيس الكهربائي
_936250
999 _aA15043
_c18611
_d18611